Language Quiz

Random Language or Blitz Quiz
Score 0/5 Timer 01:00
10 Plays Today
% Correct
tepid
92.7%
torrid
76.3%
turgid
57.2%
turbid
50.2%
torpid
49.8%

You're not logged in!

Compare scores with friends on all Sporcle quizzes.
OR
Log In

Sporcle TV

Today on Sporcle TV


Watch our educational content, quiz creation guides, and fun videos on Sporcle TV.

Show Comments

Extras

Top Quizzes Today


Score Distribution

Your Account Isn't Verified!

In order to create a playlist on Sporcle, you need to verify the email address you used during registration. Go to your Sporcle Settings to finish the process.

Report this User

Report this user for behavior that violates our Community Guidelines.

Details: